000 00322nam a2200097Ia 4500
008 220120s9999||||xx |||||||||||||| ||und||
100 _aImpu, preethi, samanvitha and yashika pj
_912744
245 0 _aSecure transacions in ATM using IOT bank server
260 _aCoorg Institute of Technology
_bPonnampet
650 _aMECHANICAL
999 _c138344
_d138344